Los derechos fundamentales: apuntes de historia de las constituciones
Shranjeno v:
| Glavni avtor: | |
|---|---|
| Format: | Knjiga |
| Jezik: | španščina |
| Izdano: |
Madrid
Trotta
2016
|
| Izdaja: | 7a. ed |
| Serija: | Serie Derecho
|
| Teme: | |
| Oznake: |
Označite
Brez oznak, prvi označite!
|
MARC
| LEADER | 00000cam a2200000 a 4500 | ||
|---|---|---|---|
| 001 | UCD4418 | ||
| 003 | CL-VaPUC | ||
| 008 | 160708e20160000sp |||||||||||||||||spa|d | ||
| 020 | |a 9788498796285 | ||
| 082 | 0 | 4 | |a 323.4 |b FIO |2 21 |
| 100 | 0 | |a Fioravanti, Maurizio |e author |9 588107 | |
| 245 | 1 | 4 | |a Los derechos fundamentales: apuntes de historia de las constituciones |
| 250 | |a 7a. ed | ||
| 300 | |a 212 p | ||
| 942 | |c BK | ||
| 945 | |d 20160708 23:22:00 |a dcastane | ||
| 260 | |a Madrid |b Trotta |c 2016 | ||
| 650 | 0 | |a Derechos humanos |9 223025 | |
| 650 | 0 | |a Derechos fundamentales |9 254841 | |
| 650 | 0 | |a Historia del derecho |9 255109 | |
| 650 | 0 | |a Derecho constitucional |9 222588 | |
| 583 | |a last modification |c 20160708 23:22:00 |k Rodrigo Vera | ||
| 490 | 0 | |a Serie Derecho | |
| 999 | |c 365316 |d 365314 | ||
| 952 | |0 0 |1 0 |3 erb |4 0 |6 323_400000000000000_FIO_2016 |7 0 |8 A |9 479117 |a BIBDER |b BIBDER |i 5297109 |o 323.4 FIO 2016 |p 5297109 |r 2023-01-25 |w 2019-11-24 |y BK |z Catalogado en:20160708 |k DER | ||